000 00655cam a22002053a 4500
001 35344
003 PGUSA
005 20140828083748.0
008 110221s2011||||xxu|||||s|||||000 | eng d
040 _aPGUSA
_beng
042 _adc
100 1 _aBenson, S.
245 1 0 _aThird Biennial Report of the Oregon State Highway Commission :
_bCovering the Period December 1st, 1916 to November 30th, 1918
_h[electronic resource] /
_cS. Benson
260 _bProject Gutenberg,
_c2011
506 _aPublic domain in the USA.
516 _aElectronic text
830 0 _aProject Gutenberg
_v35344
856 4 0 _uhttp://www.gutenberg.org/ebooks/35344
942 _cEB
999 _c264599
_d264599